Red Or Blue? - Statistics

General Stats
  • This quiz has been taken 33 times
    20 since last reset
  • The average score is 42 of 50
Answer Stats
Hint Answer % Correct
Alabama R
100%
Alaska R
100%
Arkansas R
89%
Arizona D
83%
California D
83%
Colorado D
83%
Connecticut D
83%
Delaware D
83%
Georgia D
83%
Hawaii D
83%
Illinois D
83%
Maine D
83%
Maryland D
83%
Massachusetts D
83%
Michigan D
83%
Minnesota D
83%
Nevada D
83%
New Hampshire D
83%
New Jersey D
83%
New Mexico D
83%
New York D
83%
Oregon D
83%
Pennsylvania D
83%
Rhode Island D
83%
Vermont D
83%
Virginia D
83%
Washington D
83%
Wisconsin D
83%
Florida R
83%
Idaho R
83%
Indiana R
83%
Iowa R
83%
Kansas R
83%
Kentucky R
83%
Louisiana R
83%
Mississippi R
83%
Missouri R
83%
Montana R
83%
Nebraska R
83%
North Carolina R
83%
North Dakota R
83%
Ohio R
83%
Oklahoma R
83%
South Carolina R
83%
South Dakota R
83%
Tennessee R
83%
Texas R
83%
Utah R
83%
West Virginia R
83%
Wyoming R
83%
No matching quizzes found
Score Distribution
Percent of People with Each Score
Percentile by Number Answered
Your Score History
You have not taken this quiz since the last reset